| 000 | 00788nam a2200265 a 4500 | ||
|---|---|---|---|
| 001 | 51595 | ||
| 003 | BD-RJUL | ||
| 005 | 20211209075702.0 | ||
| 008 | 160831s2006 enkap 001 0 eng d | ||
| 020 | _a0340809612 | ||
| 035 | _a(BD-RjUL)51715 | ||
| 040 |
_aBD-RjUL _beng _cBD-RjUL |
||
| 041 | _aeng | ||
| 080 | _a519.2 | ||
| 082 |
_a519.5 _219 |
||
| 082 |
_a401.41 _223 _bFRS 1960 |
||
| 100 | 1 | 0 |
_aWoods, Nicola _9154226 |
| 245 | 1 | 0 |
_aDescribing discourse : _b a practical guide to discourse analysis / _cNicola Woods |
| 260 |
_aLondon : _b Distributed in the United States of America by Oxford University Press, _cc2006 |
||
| 300 |
_axviii, 204 p. : _bill. ; _c18 cm. |
||
| 500 | _aIncludes index | ||
| 650 | 0 |
_aDiscourse analysis. _9154227 |
|
| 942 |
_2ddc _cBK |
||
| 999 |
_c51595 _d51595 |
||